Del anticristo.
-д хадгалсан:
| Үндсэн зохиолч: | |
|---|---|
| Формат: | Ном |
| Хэл сонгох: | испани |
| Хэвлэсэн: |
Madrid, España:
Editora Nacional,
1982.
|
| Цуврал: | Biblioteca de Visionarios Heterodoxos y Marginados, 22.
|
| Нөхцлүүд: | |
| Шошгууд: |
Шошго нэмэх
Шошго байхгүй, Энэхүү баримтыг шошголох эхний хүн болох!
|
MARC
| LEADER | 00000nam a2200000 a 4500 | ||
|---|---|---|---|
| 001 | UCX1805 | ||
| 003 | CL-VaPUC | ||
| 005 | 20220822114323.0 | ||
| 008 | 901106e19820000SP |||||||||||||||||spa|d | ||
| 999 | |c 222965 |d 222963 | ||
| 020 | |a 84-276-0585-4 | ||
| 040 | |c Pontificia Universidad Católica de Valparaíso | ||
| 082 | 0 | 4 | |a 236 ALB 1982 |2 21 |
| 100 | 0 | |a Alba, Ramón |e autor |9 317497 | |
| 245 | 1 | 0 | |a Del anticristo. |
| 260 | |a Madrid, España: |b Editora Nacional, |c 1982. | ||
| 300 | |a 338 páginas. | ||
| 490 | 0 | |a Biblioteca de Visionarios Heterodoxos y Marginados, 22. | |
| 500 | |a c.2 Donación Familia Prof. Alejandro Guzmán Brito. | ||
| 583 | |a last modification |c 19901106 00:00:00 |k Rodrigo Vera | ||
| 650 | 0 | |a Demonología |9 314401 | |
| 650 | 0 | |a Anticristo |2 CL-VaPUC |9 317498 | |
| 650 | 0 | |a Escatología |9 314395 | |
| 942 | |c BK |2 ddc |n 0 | ||
| 945 | |d 19901106 00:00:00 | ||
| 952 | |0 0 |1 0 |4 0 |6 236_000000000000000_ALB_1982 |7 0 |8 A |9 218293 |a BIBTEO |b BIBTEO |d 2019-11-15 |i 3716325 |l 1 |o 236 ALB 1982 |p 3716325 |r 2025-01-17 |s 2023-11-14 |w 2019-11-15 |y BK |k ICR | ||
| 952 | |0 0 |1 0 |2 ddc |4 0 |6 236_000000000000000_ALB_1982 |7 1 |8 C_AGB |9 581185 |a BIBDER |b BIBDER |d 2022-02-07 |e Donación |i 5645328 |o 236 ALB 1982 |p 5645328 |r 2023-01-25 |t 2 |w 2022-02-07 |y BK_US |k AGB | ||